<?xml version="1.0" encoding="UTF-8"?><?xml-stylesheet type="text/xsl" href="static/style.xsl"?><OAI-PMH xmlns="http://www.openarchives.org/OAI/2.0/" xmlns:xsi="http://www.w3.org/2001/XMLSchema-instance" xsi:schemaLocation="http://www.openarchives.org/OAI/2.0/ http://www.openarchives.org/OAI/2.0/OAI-PMH.xsd"><responseDate>2026-04-13T07:33:09Z</responseDate><request verb="GetRecord" identifier="oai:www.recercat.cat:2117/430666" metadataPrefix="marc">https://recercat.cat/oai/request</request><GetRecord><record><header><identifier>oai:recercat.cat:2117/430666</identifier><datestamp>2025-07-23T06:44:34Z</datestamp><setSpec>com_2072_1033</setSpec><setSpec>col_2072_452951</setSpec></header><metadata><record xmlns="http://www.loc.gov/MARC21/slim" xmlns:dcterms="http://purl.org/dc/terms/" xmlns:xsi="http://www.w3.org/2001/XMLSchema-instance" xmlns:doc="http://www.lyncode.com/xoai" xsi:schemaLocation="http://www.loc.gov/MARC21/slim http://www.loc.gov/standards/marcxml/schema/MARC21slim.xsd">
   <leader>00925njm 22002777a 4500</leader>
   <datafield ind2=" " ind1=" " tag="042">
      <subfield code="a">dc</subfield>
   </datafield>
   <datafield ind2=" " ind1=" " tag="720">
      <subfield code="a">Saló Dolcet, Joan</subfield>
      <subfield code="e">author</subfield>
   </datafield>
   <datafield ind2=" " ind1=" " tag="260">
      <subfield code="c">2021</subfield>
   </datafield>
   <datafield ind2=" " ind1=" " tag="520">
      <subfield code="a">La novel·la original de DUNE de Frank Herbert es considera un dels llibres de ciència-ficció més influent de la història. La novel·la original ha estat adaptada dos cops (sense comptar l’adaptació del 2021 de Denis Villanueve) un, l'any 1984 pel director David Lynch i l’altra al any 2000 com a sèrie de televisió. Les dos versions no van ser ben acceptades. Abans d'aquestes, un altre director va intentar adaptar la novel·la a mitjans dels anys setanta, el xilè Alejandro Jodorowsky.&#xd;
Conegut per les seves tres prèvies pel·lícules (Fando i Lis, El topo i La Muntanya Sagrada), cintes surrealistes i esotèriques, es va embarcar en aquest projecte per a crear una experiència única que canvies les ments de les noves generacions del moment. Tot i treballar en la conceptualització de la pel·lícula durant un llarg període de temps i tindre el guió complert amb storyboards de cada escena, mai va poder produir-la, per culpa de l'elevat cost financer i la durada de 12 a 20 hores que plantejava el director. En aquest projecte agafaré la preproducció ja feta del film i l'adaptaré en format animat en 3d creant un Tràiler Conceptual on es veuen les imatges més emblemàtiques dels conceptes creats per diversos artistes. El projecte es realitzarà principalment en el programa Blender.&#xd;
Els objectius d'aquest treball són crear una síntesi del treball de Jodorowsky amb la novel·la original, partint de l'art conceptual existent i les parts del guió que s'han ensenyat al públic al llarg del temps, utilitzan</subfield>
   </datafield>
   <datafield tag="653" ind2=" " ind1=" ">
      <subfield code="a">Àrees temàtiques de la UPC::So, imatge i multimèdia::Creació multimèdia::Producció audiovisual</subfield>
   </datafield>
   <datafield tag="653" ind2=" " ind1=" ">
      <subfield code="a">Animation (Cinematography)</subfield>
   </datafield>
   <datafield tag="653" ind2=" " ind1=" ">
      <subfield code="a">Three-dimensional imaging</subfield>
   </datafield>
   <datafield tag="653" ind2=" " ind1=" ">
      <subfield code="a">Ciència-ficció</subfield>
   </datafield>
   <datafield tag="653" ind2=" " ind1=" ">
      <subfield code="a">Moebius</subfield>
   </datafield>
   <datafield tag="653" ind2=" " ind1=" ">
      <subfield code="a">Blender</subfield>
   </datafield>
   <datafield tag="653" ind2=" " ind1=" ">
      <subfield code="a">Conceptual</subfield>
   </datafield>
   <datafield tag="653" ind2=" " ind1=" ">
      <subfield code="a">Tràiler</subfield>
   </datafield>
   <datafield tag="653" ind2=" " ind1=" ">
      <subfield code="a">Dune</subfield>
   </datafield>
   <datafield tag="653" ind2=" " ind1=" ">
      <subfield code="a">Animació</subfield>
   </datafield>
   <datafield tag="653" ind2=" " ind1=" ">
      <subfield code="a">Jodorowsky</subfield>
   </datafield>
   <datafield tag="653" ind2=" " ind1=" ">
      <subfield code="a">Animació (Cinematografia)</subfield>
   </datafield>
   <datafield tag="653" ind2=" " ind1=" ">
      <subfield code="a">Imatgeria tridimensional</subfield>
   </datafield>
   <datafield ind2="0" ind1="0" tag="245">
      <subfield code="a">Estudi i adaptació de 'Dune' d’Alejandro Jodorowsky</subfield>
   </datafield>
</record></metadata></record></GetRecord></OAI-PMH>